000 00358nam a22001217a 4500
999 _c2202
_d2202
005 20200910111324.0
008 200910b ||||| |||| 00| 0 eng d
020 _a155905087x
040 _cCML
245 _aLasalle and the Grand Enterprise.
_cNolan, J.C.
260 _aUSA
_bGrey Castle Press
_c1991
942 _2ddc
_cBK
_e1st Edition
_h977
_mNOL